Statistics for Hunger Lyrics (Florence + the Machine)

Click here to take the quiz!

General Stats

  • This quiz has been taken 217 times
  • The average score is 352 of 405

Answer Stats

Lyrics% Correct
a
99%
have
99%
I
99%
(we
99%
we
99%
all
98%
hunger)
98%
hunger
98%
to
97%
and
96%
love
96%
thought
96%
at
95%
At
95%
seventeen
95%
starve
95%
that
95%
the
95%
was
95%
it
94%
myself
94%
of
94%
me
93%
started
93%
emptiness
91%
kind
91%
you
91%
be
90%
felt
89%
your
89%
least
88%
didn't
87%
for
87%
in
87%
loneliness
87%
on
87%
then
87%
but
86%
call
86%
understood
86%
don't
84%
never
82%
get
81%
it's
80%
baby
79%
come
79%
body
78%
night
78%
oh
78%
way
78%
could
77%
Friday
77%
let
77%
so
76%
best
75%
down
75%
drugs
75%
knew
75%
look
75%
thing
75%
moment
74%
seen
74%
work
74%
happen
73%
I've
73%
what
73%
you're
73%
ever
72%
more
72%
one
72%
tell
72%
took
72%
with
72%
answer
71%
away
71%
death
71%
free
71%
kicking
71%
need
71%
beauty
70%
fool
70%
anything
69%
found
69%
how
69%
stage
69%
use
69%
bad
68%
make
68%
afraid
67%
crucify
66%
dress
66%
enough
66%
gonna
66%
strangers
65%
they're
63%
worry
63%
forget
61%
give
60%
vibrant
57%
youth
57%
find
54%
yourself
54%
people
53%
alone
51%
staring
51%
apart
50%
home
50%
phone
49%
I'm
46%
pink
46%
picking
41%
tries
34%

Score Distribution

Percentile by Number Answered

Percent of People with Each Score

Your Score History

You have not taken this quiz